Sports Quiz

Random Sports or NFL Quiz

Pixel Art - NFL Team II Quiz Stats

 Plays Quiz Updated Dec 14, 2017

Challenge
Share
Tweet
Score 0/289 Timer 03:00
1 Play Today
% Correct
97.9%
97.2%
97%
96.9%
96.9%
96.7%
96.7%
96.6%
96.6%
96.5%
96.4%
96.4%
96.4%
96.4%
96.4%
96.3%
96.3%
96.3%
96.1%
96%
95.9%
95.8%
95.8%
95.8%
95.7%
95.6%
95.6%
95.4%
95.4%
95.3%
95.3%
95.2%
95.1%
95.1%
95.1%
95%
95%
94.9%
94.9%
94.9%
94.9%
94.9%
94.8%
94.7%
94.6%
New England
Patriots
94.6%
94.6%
94.6%
94.5%
94.5%
94.4%
94.4%
94.3%
94.3%
94.3%
94.3%
94.2%
94.2%
94.1%
94.1%
94.1%
94.1%
94.1%
94.1%
94.1%
94%
94%
93.9%
93.9%
93.9%
93.9%
93.8%
93.8%
93.8%
93.8%
93.8%
93.7%
93.7%
93.7%
93.7%
93.6%
93.6%
93.6%
93.6%
93.6%
93.6%
93.6%
93.6%
93.5%
93.5%
93.5%
93.5%
93.4%
93.4%
93.4%
93.4%
93.3%
% Correct
93.2%
93.2%
93.2%
93.2%
93.1%
93.1%
93.1%
93.1%
93%
93%
92.9%
92.9%
92.9%
92.9%
92.9%
92.9%
92.8%
92.8%
92.8%
92.8%
92.8%
92.7%
92.7%
92.7%
92.7%
92.6%
92.6%
92.6%
92.6%
92.6%
92.6%
92.6%
92.6%
92.6%
92.5%
92.5%
92.5%
92.5%
92.5%
92.5%
92.5%
92.5%
92.4%
92.4%
92.4%
92.4%
92.4%
92.3%
92.3%
92.3%
92.3%
92.3%
92.2%
92.2%
92.2%
92.1%
92.1%
92.1%
92.1%
92.1%
92.1%
92.1%
92.1%
92.1%
92.1%
92%
91.9%
91.9%
91.9%
91.9%
91.9%
91.9%
91.9%
91.9%
91.9%
91.8%
91.8%
91.8%
91.7%
91.6%
91.6%
91.6%
91.6%
91.6%
91.6%
91.6%
91.6%
91.5%
91.5%
91.5%
91.4%
91.4%
91.4%
91.3%
91.3%
91.2%
91.1%
% Correct
91.1%
91.1%
91.1%
91.1%
91%
91%
90.9%
90.9%
90.9%
90.9%
90.9%
90.8%
90.8%
90.8%
90.8%
90.8%
90.7%
90.7%
90.7%
90.7%
90.5%
90.5%
90.5%
90.5%
90.4%
90.3%
90.2%
90.2%
90.1%
90.1%
90.1%
89.9%
89.8%
89.8%
89.8%
89.7%
89.7%
New York
Giants
89.6%
89.6%
89.6%
89.5%
89.5%
89.5%
89.2%
89.2%
89.2%
89.1%
88.9%
Dallas
Cowboys
88.9%
88.9%
88.9%
88.9%
88.9%
88.9%
88.8%
88.8%
88.8%
Pittsburgh
Steelers
88.3%
88.1%
New York
Jets
88.1%
87.8%
Cleveland
Browns
87.8%
87.5%
87.5%
Miami
Dolphins
87.4%
87.1%
Green Bay
Packers
87.1%
Seattle
Seahawks
86.7%
Philadelphia
Eagles
86.7%
Houston
Texans
86.6%
Buffalo
Bills
86.2%
Los Angeles
Rams
85.9%
Minnesota
Vikings
84.8%
Chicago
Bears
84.8%
Cincinnati
Bengals
84.5%
San Francisco
49ers
84.4%
Oakland
Raiders
84.4%
Detroit
Lions
84.2%
Los Angeles
Chargers
83.8%
Denver
Broncos
83.5%
Atlanta
Falcons
82.9%
Baltimore
Ravens
82.8%
82.5%
Carolina
Panthers
82.4%
Washington
Redskins
82.2%
Arizona
Cardinals
81.9%
Indianapolis
Colts
81.5%
New Orleans
Saints
81.5%
Jacksonville
Jaguars
81.4%
Tennessee
Titans
81.3%
Kansas City
Chiefs
80.4%
78.4%
78.4%
Tampa Bay
Buccaneers
78.4%
Team Helmet: Houston Texans
50.1%

You're not logged in!

Compare scores with friends on all Sporcle quizzes.
OR
Log In

You Might Also Like...

Show Comments

Extras

Top Quizzes Today


Score Distribution

Your Account Isn't Verified!

In order to create a playlist on Sporcle, you need to verify the email address you used during registration. Go to your Sporcle Settings to finish the process.

Report this User

Report this user for behavior that violates our Community Guidelines.

Details: